00690 a2200193 4500010001400000020002600014035001300040037001600053082001100069090001500080100002200095245004600117260003800163270009200201300002600293942002600319999001500345952013600360 aENG-88991 c850.00a9788183771054 aEN-72524 bDBAD / PUB14a581.07 c9812d9812 aSharma, Sushil K.10aTeaching of Botany /cby Sushil K. Sharma aNew DelhibMahaveer & Sonsc2007 a3072/28, 1st Floor, Gola Market, Darya Ganj, (Near Golcha Parking)bNew Delhie110 002 avi, 340p.c22 cm (Hb) adplcENk581.07 / SHA c9633d9633 00102ddc40718NFICaDBADbDBADeDBAD/PUBg850.00l0o581.07 SHApEN-72524r2008-09-15 00:00:00t1u10621v850.00w2008-09-15yEN